000 00681nam a2200277Ia 4500
005 20260324134344.0
008 008 260324s9999 xx 000 0 eng d
020 _a9780429186905
037 _aEBOOK
040 _aCRL
040 _beng
040 _cCRL
041 _2eng
041 _aeng
084 _qCRL
100 _aMaria Giovanna Garroni; Jose Luis Menaldi
_91196501
245 0 _aSecond Order Elliptic Integro-Differential Problems
260 _bTaylor and Francis
260 _c2002
365 _a
365 _b900
856 _uhttp://www.taylorfrancis.com/books/9780429186905
942 _cEBOOK
999 _c1796519
_d1796519